00572 2200193 4500001002100000005001500021008004100036020001800077035002500095041000800120082000800128090000800136100001800144245010000162250002700262260004200289300003600331650001100367INLIS00000000000440620130515143818 ind  a979-461-384-3 a0010-051300000004406 aind a306 a306 aSigit, Kresna aMengenal Lebih dekat :"PutubWijaya Sang Teroris-Metal" dan Pertanggungjawaban Proses Kreatifnya aEdisi : 1; Cetakan : 1 aJakartabYayasan Obor Indonesiac2001 axviii, 302 hlm. : ilus. ;17 cm. aBudaya